Little women / (Registro nro. 9088)

Detalles MARC
000 -LEADER
fixed length control field 00584nam a22002177a 4500
003 - CONTROL NUMBER IDENTIFIER
control field DO-SdBNP
005 - DATE AND TIME OF LATEST TRANSACTION
control field 20180130092809.0
008 - FIXED-LENGTH DATA ELEMENTS--GENERAL INFORMATION
fixed length control field 151210b 19uu enk ||||| |||| 00| 0 spa d
040 ## - CATALOGING SOURCE
Original cataloging agency BPMSU
Language of cataloging spa
Transcribing agency BPMSU
092 ## - LOCALLY ASSIGNED DEWEY CALL NUMBER (OCLC)
Classification number xxxxx
Item number xxxxx
100 1# - MAIN ENTRY--PERSONAL NAME
Personal name Alcott, Louisa May
245 10 - TITLE STATEMENT
Title Little women /
Statement of responsibility, etc. Louisa May Alcott.
260 ## - PUBLICATION, DISTRIBUTION, ETC. (IMPRINT)
Place of publication, distribution, etc. Bridlington [England] :
Name of publisher, distributor, etc. Priory Books,
Date of publication, distribution, etc. [19--].
300 ## - PHYSICAL DESCRIPTION
Extent 199 p.
Dimensions 20 cm.
490 1# - SERIES STATEMENT
Series statement Priory classics
830 #0 - SERIES ADDED ENTRY--UNIFORM TITLE
Uniform title Priory classics
910 ## - USER-OPTION DATA (OCLC)
User-option data 00260
942 ## - ADDED ENTRY ELEMENTS (KOHA)
Source of classification or shelving scheme Dewey Decimal Classification
Koha item type Libros
945 ## - LOCAL PROCESSING INFORMATION (OCLC)
a Inventariado, 2018 /LP
956 ## - LOCAL ELECTRONIC LOCATION AND ACCESS (OCLC)
Host name LOPEREZ
Access number 10
Existencias
Withdrawn status Lost status Source of classification or shelving scheme Damaged status Not for loan Collection code Home library Current library Date acquired Source of acquisition Total Checkouts Barcode Date last seen Price effective from Koha item type
    Dewey Decimal Classification     Colección General Biblioteca Pública Metropolitana Salomé Ureña Biblioteca Pública Metropolitana Salomé Ureña 12/10/2015 Donación   BPMSU15120125 12/10/2015 12/10/2015 Libros